Loading...
Fine Arts - Classical Music | 6 | 13.33 | 83% | 33% | 17% |
Fine Arts - Other Fine Arts | 5 | 18.00 | 100% | 40% | 40% |
Fine Arts - Visual Fine Arts | 7 | 20.00 | 86% | 57% | 57% |
Geography/Current Events | 2 | 15.00 | 100% | 0% | 50% |
History - American History | 5 | 16.00 | 60% | 80% | 20% |
History - European History | 7 | 11.43 | 71% | 43% | 0% |
History - Other History | 7 | 11.43 | 71% | 29% | 14% |
History - World History | 7 | 18.57 | 100% | 71% | 14% |
Literature - American Literature | 5 | 14.00 | 80% | 40% | 20% |
Literature - British Literature | 7 | 15.71 | 86% | 57% | 14% |
Literature - European Literature | 4 | 17.50 | 75% | 75% | 25% |
Literature - World/Other Literature | 4 | 10.00 | 75% | 25% | 0% |
Mythology | 5 | 12.00 | 100% | 20% | 0% |
Other Academic | 2 | 15.00 | 100% | 50% | 0% |
Philosophy | 9 | 7.78 | 67% | 0% | 11% |
Pop Culture | 1 | 20.00 | 100% | 0% | 100% |
Religion | 5 | 8.00 | 40% | 40% | 0% |
Science - Biology | 3 | 20.00 | 67% | 67% | 67% |
Science - Chemistry | 5 | 20.00 | 100% | 80% | 20% |
Science - Other Science | 6 | 16.67 | 100% | 33% | 33% |
Science - Physics | 5 | 8.00 | 60% | 0% | 20% |
Social Science | 6 | 10.00 | 100% | 0% | 0% |
World/Other Literature> | 2 | 20.00 | 50% | 100% | 50% |